| 000 | 01429cam a22003857a 4500 | ||
|---|---|---|---|
| 003 | CHAP | ||
| 005 | 20220817043720.0 | ||
| 008 | 001011d2000 mx b r 00110 spa d | ||
| 010 | _a82540 | ||
| 011 | _a83512 | ||
| 035 | _a94025 | ||
| 040 | _cCHAP | ||
| 090 | _aTesis | ||
| 100 | 0 | 0 |
_aFlores Hernández, Juan. _941588 |
| 245 | 1 | 3 |
_aEl proceso de planeación estratégica en la agroindustria caso de estudio: la industria cervecera mexicana _c/por Juan Flores Hernández. |
| 260 |
_aChapingo, Méx. : _bEl autor, _c2000. |
||
| 300 |
_a120 h. : _bcuads., mapa. |
||
| 502 | _aTesis (Ing. Agroindustrial) -- UACH. Departamento de Ingeniería Agroindustrial. | ||
| 590 |
_aALEPH _b10 _c20130110 _lUCH01 _h1438 |
||
| 590 |
_aBATCH-UPD _b10 _c20130110 _lUCH01 _h0532 |
||
| 590 |
_aBATCH-UPD _b10 _c20130110 _lUCH01 _h2305 |
||
| 590 |
_aBATCH-UPD _b10 _c20130410 _lUCH01 _h0212 |
||
| 590 |
_aBATCH-UPD _b10 _c20130913 _lUCH01 _h1932 |
||
| 590 |
_aCONVERSION _b10 _c20130109 _lUCH01 _h1346 |
||
| 650 | 1 | 4 |
_aAdministración de empresas _xInnovaciones tecnológicas. _9925 |
| 650 | 1 | 4 |
_aCerveza. _921641 |
| 650 | 1 | 4 |
_aIndustria cervecera. _957799 |
| 650 | 1 | 4 |
_aIndustrias agrícolas _xInnovaciones tecnológicas. _957952 |
| 650 | 1 | 4 |
_aPolítica agrícola _zMéxico. |
| 901 | _aBK | ||
| 905 | _aEdna Luz | ||
| 942 | _cFOLL | ||
| 949 |
_bBC _cTES _d33724000806352 _eTS2 _fc.2 _h37194 _i94025 _sb |
||
| 949 |
_bBC _cTES _d940251 _eTS1 _h37193 _i94025 _sb |
||
| 999 |
_c82540 _d82540 |
||